000 00887nam a2200205Ii 4500
003 JO-AjNU
008 230605s9999||||xx |||||||||||||| ||und||
040 _aJO-AjNU
_bara
_erda
_cJO-AjNU
041 _aara
050 1 4 _aKL2215.B33.D36 1993
100 3 _aالذنون، عبد الحكيم,
_eauthor
_920364
245 0 0 _aتاريخ القانون في العراق = The Ancient History Of Law In Irag - Mesoptamia
250 _aط1
264 3 1 _aدمشق: دار علاء الدين للنشر والتوزيع والترجمة، 1993
300 _a287ص
336 _atext
_btxt
_2rdacontent
337 _aunmediated
_bn
_2rdamedia
338 _avolume
_bnc
_2rdacarrier
650 4 _aالقانون العراقي -قانونأورنمو- قانون اشنونة - قانوزن لبت عشتار - قانون حمورابي - القوانين الأشورية- تاريخ
_920365
999 _aA6890
_c10458
_d10458